000
00322nam a2200121Ia 4500
008
220204s9999 xx 000 0 und d
082
_a
681.31(035)ORA
_b
DOR
100
_a
DORSEY, Paul
245
0
_a
Oracle designer/2000 handbook
260
_a
New Delhi
_b
Tata Mc Graw-Hill
_c
1997
700
_a
KOLETZKE, Peter
942
_c
BK
999
_c
41468
_d
41468